|
|
|
|
| LEADER |
00000nab a2200000 a 4500 |
| 001 |
vtls000317737 |
| 003 |
SK-MaSNL |
| 005 |
20260304025751.0 |
| 008 |
230313c1978 xo 0 slo |
| 015 |
|
|
|a SNBRB19rr/mm-uuuuu
|
| 035 |
|
|
|a CL0007829
|
| 035 |
|
|
|a urn:nbn:sk:snk-abbi60
|
| 035 |
|
|
|a (urnnbn)urn:nbn:sk:snk:ar-004837
|
| 035 |
|
|
|a (uuid)0402d60d-ce42-4758-ab11-0086a1dfeeff
|
| 040 |
|
|
|a SNKBUCL
|b slo
|c SNKBUCL
|e AACR2
|
| 041 |
0 |
|
|a slo
|
| 044 |
|
|
|a xo
|c SK
|
| 080 |
|
|
|a 82:159.9
|2 1981
|
| 080 |
|
|
|a 159.9
|2 1981
|
| 100 |
1 |
|
|a Michalkov, Sergej Vladimirovič,
|d 1913-2009
|4 aut
|9 200769
|
| 245 |
1 |
0 |
|a Všetko sa začína v detstve..
|c Sergej Michalkov, Michail Kondakov ; Elena Linzbothová-Krupová
|
| 500 |
|
|
|a V rubrike Fórum.
|
| 650 |
0 |
7 |
|a literatúra a psychológia
|2 snkbucl
|9 547356
|
| 650 |
0 |
7 |
|a psychológia adolescencie
|2 snkbucl
|9 254534
|
| 650 |
0 |
7 |
|a funkcie literatúry
|2 snkbucl
|9 1307605
|
| 650 |
0 |
7 |
|a literatúra pre deti a mládež
|2 snkbucl
|9 21893
|
| 650 |
0 |
7 |
|a sovietska literatúra
|2 snkbucl
|9 22300
|
| 655 |
|
7 |
|a články z novín a časopisov
|2 snkbucl
|9 267496
|
| 655 |
|
7 |
|a články z odboru literárna veda a krásna literatúra
|2 snkbucl
|9 770045
|
| 700 |
1 |
|
|a Linzbothová, Elena,
|d 1939-
|4 trl
|9 217541
|
| 700 |
1 |
|
|a Kondakov, Michail
|4 aut
|9 937621
|
| 773 |
0 |
|
|t Revue svetovej literatúry
|g Roč. 14, č. 2 (1978), s. 173-176
|
| 850 |
|
|
|a Slovenská národná knižnica v Martine
|a MTA001
|
| 852 |
|
|
|a SNK
|b KIS3GCP
|
| 958 |
|
|
|a RK
|
| 958 |
|
|
|a LX
|
| 958 |
|
|
|a SK
|
| 958 |
|
|
|a OND
|
| 958 |
|
|
|a EUIPO
|
| 958 |
|
|
|a article15
|
| 999 |
|
|
|c 2629607
|d 2631537
|